Gente de la generación del 98 / (Record no. 29959)

MARC details
000 -LEADER
campo de control de longitud fija 01162nam a2200265 i 4500
001 - NÚMERO DE CONTROL
campo de control 29959
003 - IDENTIFICADOR DE NÚMERO DE CONTROL
campo de control ES-MaACL
005 - FECHA Y HORA DE LA ÚLTIMA TRANSACCIÓN
campo de control 20230906154121.0
007 - CAMPO FIJO DE DESCRIPCIÓN FÍSICA--INFORMACIÓN GENERAL
campo de control de longitud fija t|
008 - DATOS DE LONGITUD FIJA--INFORMACIÓN GENERAL
campo de control de longitud fija 030123s1969 sp |||| |cspa d
080 ## - NÚMERO DE LA CLASIFICACIÓN DECIMAL UNIVERSAL
Número de la Clasificación Decimal Universal 929:86"19"
100 1# - ENTRADA PRINCIPAL--NOMBRE DE PERSONA
Nombre de persona Baroja, Ricardo,
Fechas asociadas al nombre 1871-1953
9 (RLIN) 25759
245 10 - MENCIÓN DEL TÍTULO
Título Gente de la generación del 98 /
Mención de responsabilidad, etc. Ricardo Baroja.
246 3# - FORMA VARIANTE DEL TITULO
Título propio/Titulo breve Gente del 98
250 ## - MENCION DE EDICION
Mención de edición 1ª ed. en "Libros de bolsillo Z".
260 ## - PUBLICACIÓN, DISTRIBUCIÓN, ETC.
Lugar de publicación, distribución, etc. Barcelona :
Nombre del editor, distribuidor, etc. Juventud,
Fecha de publicación, distribución, etc. 1969.
300 ## - DESCRIPCIÓN FÍSICA
Extensión 229 p. ;
Dimensiones 18 cm.
490 1# - MENCIÓN DE SERIE
Mención de serie Libros de bolsillo Z ;
Designación de volumen o secuencia 167
505 0# - NOTA DE CONTENIDO CON FORMATO
Nota de contenido con formato Autorretrato de Ricardo Baroja ; Enrique Cornuty ; El "asesinato" de Ramiro de Maeztu y Pablo Ruiz Picasso ; José Martínez Ruiz ("Azorín") ; Cuento de hadas: cómo se casó Anita Delgado con el maharajá de Kapurtala ; Don Ciro Bayo y Segurola ; Cuadrato y Falstaff ; Silverio Lanza ; Otros relatos ; José Sttatford Gibson ; Carlos Mani, el escultor
650 #4 - PUNTO DE ACCESO ADICIONAL DE MATERIA--TÉRMINO DE MATERIA
Término de materia o nombre geográfico como elemento de entrada Generación del 98 (Literatura)
9 (RLIN) 13051
650 #4 - PUNTO DE ACCESO ADICIONAL DE MATERIA--TÉRMINO DE MATERIA
Término de materia o nombre geográfico como elemento de entrada Escritores españoles-
Subdivisión cronológica S.XX-
Subdivisión general Biografías.
9 (RLIN) 161527
830 1# - PUNTO DE ACCESO ADICIONAL DE SERIE-TÍTULO UNIFORME
Título uniforme Libros de bolsillo Z ;
Designación de volumen o secuencia 167
9 (RLIN) 184080
852 ## - LOCALIZACIÓN
Ubicación ES-MaACL
Número de control de estantería C-35877
Holdings
Estatus retirado Estado de pérdida Estado de daño No para préstamo Biblioteca de origen Biblioteca actual Ubicación en estantería Fecha de adquisición Fuente de adquisición Total de préstamos Signatura topográfica completa Código de barras Visto por última vez Precio de reemplazo Tipo de ítem Koha
        Biblioteca del Ateneo de Madrid Biblioteca del Ateneo de Madrid Depósito 2 17/01/2008     C-35877 1030931 23/02/2023 23/02/2023 Libro impreso